=LDR 00000nam 2200000 4500 =001 INLIS000000000009905 =005 20130612101651 =008 ***********************************Ind** =035 ##$$0010-061300000009905 =041 ##$$a Ind =082 ##$$a F Rom K =090 ##$$a F Rom K, Dul t =100 ##$$a Dulche, Yolanda Vargas =245 ##$$a Tega keluarga, Yolanda Vargas Dulche =260 ##$$a 1986 $b Jakarta =300 ##$$a 32 hlm, ilus, 21 cm =650 ##$$a Fiksi anak-anak =850 ##$$a NBPNMAT